000 00335nam a2200133 i 4500
001 bg
100 1 _aUKLEJARSKI, R.
245 0 _aZastosowanie analogii elektromechanicznych w teorii... /
_cR. Uklejarski.
260 _aWarszawa,
_c1979.
040 _cBPK
041 _apol
942 _cKS
008 s pl f |000 0 pol
999 _c21332
_d21332
856 _uhttp://koha.tu.koszalin.pl/cgi-bin/koha/opac-detail.pl?biblionumber=21332
_yKatalog online BPK